[Event "Oberfranken-ch"]
[Site "Schney"]
[Date "2018.01.05"]
[Round "6"]
[White "Hartleb, Christopher"]
[Black "Koch, Christian1111"]
[Result "1-0"]
[WhiteElo "2014"]
[BlackElo "1965"]
[PlyCount "75"]
[EventDate "2018.01.03"]
[EventType "swiss"]
[EventRounds "7"]
[EventCountry "GER"]
[SourceTitle "CBM 182 Extra"]
[Source "ChessBase"]
[SourceDate "2018.02.23"]
[SourceVersion "1"]
[SourceVersionDate "2018.02.23"]
[SourceQuality "1"]

1. e4 d6 2. d4 Nf6 3. Nc3 g6 4. Nf3 Bg7 5. h3 0-0 6. Bg5 c5 7. Qd2 cxd4 8. Nxd4 Nc6 9. Nb3 a5 10. Bh6 Bxh6 11. Qxh6 a4 12. Nc1 Qa5 13. Qd2 d5 14. exd5 Rd8 15. Nd3 Nxd5 16. Nxd5 Qxd2+ 17. Kxd2 Rxd5 18. Re1 Be6 19. Kc1 Nd4 20. c3 Rc8 21. Nf4 Rf5 22. Re4 Nc6 23. Nxe6 fxe6 24. Bc4 Nd8 25. f3 Kf7 26. Rhe1 Rc6 27. a3 b5 28. Ba2 Rd6 29. R1e3 Kf6 30. f4 Rc5 31. Re5 Rdc6 32. g4 Rxe5 33. Rxe5 Rb6 34. h4 h6 35. Kd2 Kf7 36. Ke3 Kf6 37. Kd4 Nc6+ 38. Kc5 1-0

[Event "Oberfranken-ch"]
[Site "Schney"]
[Date "2015.01.03"]
[Round "1"]
[White "Hartleb, Christopher"]
[Black "Brueckner, Klaus"]
[Result "0-1"]
[WhiteElo "2022"]
[BlackElo "1926"]
[PlyCount "58"]
[EventDate "2015.01.03"]
[EventType "swiss"]
[EventRounds "7"]
[EventCountry "GER"]
[SourceTitle "CBM 164 Extra"]
[Source "ChessBase"]
[SourceDate "2015.03.02"]
[SourceVersion "1"]
[SourceVersionDate "2015.03.02"]
[SourceQuality "1"]

1. e4 e5 2. Nf3 Nc6 3. d4 exd4 4. Bc4 Nf6 5. e5 d5 6. Bb5 Ne4 7. Nxd4 Bd7 8. Bxc6 bxc6 9. 0-0 Be7 10. f3 Nc5 11. Be3 0-0 12. Nd2 f6 13. exf6 Rxf6 14. c3 Rg6 15. N2b3 Na4 16. Na5 Nxb2 17. Qc2 c5 18. Ne2 Na4 19. Nf4 Ra6 20. Nb7 Qe8 21. Qd3 Bb5 22. Qxd5+ Kh8 23. Ne6 Nxc3 24. Qf5 Bd7 25. Qd3 Rxe6 26. Nxc5 Ne2+ 27. Kh1 Bxc5 28. Bxc5 Rh6 29. Bf2 Rxh2+ 0-1